The pacific century : American and Asia in a changing world
An examination of the Pacific rim countries looks at the history and development of Japan, China, Taiwan, Korea, Indo-China, Indonesia, Malaysia, Thailand, the Philippines, and Australia, elaborating on America's stake in that region.
সংরক্ষণ করুন:
| প্রধান লেখক: | |
|---|---|
| বিন্যাস: | গ্রন্থ |
| ভাষা: | Undetermined |
| প্রকাশিত: |
New York
A Robert Stewart Book
1993
|
| বিষয়গুলি: | |
| ট্যাগগুলো: |
ট্যাগ যুক্ত করুন
কোনো ট্যাগ নেই, প্রথমজন হিসাবে ট্যাগ করুন!
|
| Thư viện lưu trữ: | Trung tâm Học liệu Trường Đại học Cần Thơ |
|---|
| LEADER | 00939nam a2200241Ia 4500 | ||
|---|---|---|---|
| 001 | CTU_217991 | ||
| 008 | 210402s9999 xx 000 0 und d | ||
| 020 | |c 3.99 | ||
| 082 | |a 950 | ||
| 082 | |b G447 | ||
| 100 | |a Gibney, Frank | ||
| 245 | 4 | |a The pacific century : | |
| 245 | 0 | |b American and Asia in a changing world | |
| 245 | 0 | |c Frank Gibney | |
| 260 | |a New York | ||
| 260 | |b A Robert Stewart Book | ||
| 260 | |c 1993 | ||
| 520 | |a An examination of the Pacific rim countries looks at the history and development of Japan, China, Taiwan, Korea, Indo-China, Indonesia, Malaysia, Thailand, the Philippines, and Australia, elaborating on America's stake in that region. | ||
| 650 | |a Đông Á,United States,Mỹ,East Asia | ||
| 650 | |x Lịch sử,Relations,Ngoại giao,History | ||
| 650 | |z Pacific Area,Khu vực Thái Bình Dương | ||
| 904 | |i Trúc | ||
| 980 | |a Trung tâm Học liệu Trường Đại học Cần Thơ | ||